| 000 | 00445nam a2200145 4500 | ||
|---|---|---|---|
| 008 | 151009b xxu||||| |||| 00| 0 eng d | ||
| 020 | _a0373255853 | ||
| 050 | _aSPE PS 3558.A64685 1994 | ||
| 100 |
_aHarris, Lisa. _d1994. |
||
| 245 |
_aUndercurrent/ _c Lisa Harris. |
||
| 260 |
_aLondon: _bHarlequin books, _c1994. |
||
| 300 | _a216 p. | ||
| 650 | _aEnglish Fiction. | ||
| 942 |
_2lcc _cSH_L_BOOKS _hSPE PS 3558.A64685 1994 _01 |
||
| 999 |
_c8107 _d8107 |
||